[Event "Tashkent FIDE GP 2nd"]
[Site "Tashkent"]
[Date "2012.11.29"]
[Round "7"]
[White "Ponomariov, Ruslan"]
[Black "Gelfand, Boris"]
[Result "1/2-1/2"]
[WhiteElo "2741"]
[BlackElo "2751"]
[Annotator "Kritz,L"]
[PlyCount "68"]
[EventDate "2012.11.22"]
[EventType "tourn"]
[EventRounds "11"]
[EventCountry "UZB"]
[EventCategory "20"]
[SourceTitle "CBM 152"]
[Source "ChessBase"]
[SourceDate "2013.01.15"]
[SourceVersion "1"]
[SourceVersionDate "2013.01.15"]
[SourceQuality "1"]

1. e4 c5 2. Nf3 Nc6 3. Bb5 e6 4. O-O Nge7 5. Re1 Nd4 $5 {Die Hauptvariante ist
5...a6, aber ich glaube, Gelfand hat Recht, dass er nicht in diese Variante
gehen will.} (5... a6 6. Bxc6 $5 Nxc6 7. d4 cxd4 8. Nxd4 d6 (8... Qc7 9. Nc3 d6
10. Nxc6 bxc6 11. Qg4 e5 12. Qg3 h5 13. h4 Be6 14. b3 $14 {1-0 Bacrot,E (2723)
-Maze,S (2571)/Nice 2011/CBM 141 Extra (50)}) (8... Be7 9. Nc3 O-O 10. Nxc6
dxc6 11. e5 $14 {Wieder steht Weiß besser, weil Schwarz den schlechten Läufer
auf c8 hat, der nicht bald aktiv wird.}) 9. Nc3 Be7 10. Nxc6 bxc6 11. Qg4 Kf8 (
11... O-O 12. Bh6 Bf6 13. e5 dxe5 14. Rad1 Qe7 15. Ne4 Kh8 16. Be3 $18) 12. b3
Qa5 13. Bb2 $14 {Safarli,E (2620)-Korobov,A (2705)/Baku 2012/CB39_2012 (34)})
6. Nxd4 cxd4 7. c3 {Die Alternative 7.d3 spielte Caruana gegen Gelfand im
gleichen Turnier:} (7. d3 a6 (7... Nc6 8. Nd2 Be7 9. Qg4 O-O 10. e5 f5 11. exf6
Bxf6 12. Ne4 d6 13. Nxf6+ Qxf6 14. Qg3 h6 15. Rf1 e5 $132 {1/2-1/2 Harikrishna,
P (2664)-Krasenkow,M (2636)/Wijk aan Zee 2008/CBM 122 (45)}) 8. Ba4 Nc6 (8...
b5 9. Bb3 Bb7 10. Nd2 Nc6 11. f4 Na5 12. Bd5 $1 Be7 13. Bxb7 Nxb7 14. Nf3 Qb6
15. Qe2 Na5 16. Qf2 Bc5 17. a3 $14 {1-0 Caruana,F (2786)-Gelfand,B (2751)/
Tashkent 2012/CB48_2012 (59)}) 9. Bxc6 bxc6 10. e5 d6 11. Bf4 dxe5 12. Bxe5 f6
13. Bg3 Be7 14. Qh5+ g6 15. Qh6 Bf8 16. Qc1 Bg7 $11 {1/2-1/2 Zvjaginsev,V 
(2643)-Moiseenko,A (2668)/Dagomys 2010/CBM 136 (36)}) 7... a6 8. Bf1 (8. Ba4
Nc6 9. d3 b5 10. Bb3 Bc5 11. Qg4 Qf6 12. Qe2 d6 $11 {1/2-1/2 Zhang Zhong (2637)
-Gulko,B (2597)/Shanghai 2002/CBM 091 (32)}) 8... Nc6 9. Na3 {Selten gespielt,
öfter sieht man 9.d3. In beiden Fällen ist die Idee von Weiß, Schwarz dazu zu
bringen, auf c3 zu nehmen. Dann kann Weiß später auf ein starkes Zentrum
hoffen. Doch Schwarz kann die Kontrolle über das Feld d4 locker behalten.} (9.
d3 Bc5 10. Nd2 O-O 11. Nb3 (11. e5 Be7 12. Nf3 dxc3 13. bxc3 d6 14. exd6 Qxd6
15. d4 b5 16. Bd3 Bb7 17. Qe2 $132 {1-0 Kveinys,A (2500)-Umanskaya,I (2320)/
Cappelle la Grande 1996/CBM 051 ext (32)}) 11... Ba7 12. cxd4 Nxd4 13. Be3 Nxb3
14. Qxb3 $14 {1-0 Nolte,R (2489)-Sveshnikov,E (2525)/Beijing 2008/CBM 126
Extra (65)}) 9... Bc5 $1 {Das wichtigste in dieser Stellung ist die Kontrolle
über das Feld d4.} (9... b5 10. Nc2 Bc5 11. b4 Bb6 12. cxd4 Nxd4 13. Bb2 Nxc2
14. Qxc2 O-O 15. d4 $14 {1/2-1/2 Shahade,J (2290)-Turova,I (2295)/Yerevan 1999/
CBM 072 ext (47)}) 10. b4 Ba7 11. Rb1 (11. Nc2 Qh4 $1 12. Qf3 O-O 13. Bb2 d3 $1
14. Nd4 Ne5 15. Qg3 Qxg3 16. hxg3 d6 $132) 11... O-O 12. b5 {Die logische
Fortsetzung des Planes 11.Rb1.} axb5 13. Nxb5 {Weiß will nun Ba3 spielen und
das Feld d6 okkupieren.} Bc5 (13... dxc3 {ist möglich, aber unnötig. Schwarz
kann in der entstehenden Stellung kaum auf Gewinn spielen.} 14. dxc3 Bc5 15.
Be3 Bxe3 16. Rxe3 Rxa2 17. Bc4 Ra8 18. Nd6 $44) 14. Bb2 dxc3 15. Bxc3 d5 $1 {
Niemand braucht hier den Bauern a2.} (15... Rxa2 16. d4 Bb6 17. Bc4 Ra8 18. Nd6
$16) 16. exd5 (16. d4 Bb6 17. e5 Rxa2 $132 {Das ist eine ziemlich unklare
Französische Verteidigung. Weiß hat einen Minusbauern, aber was er sonst noch
hat, ist eine große Frage.}) 16... exd5 {Erzwungen.} (16... Qxd5 17. Nc7 $18)
17. d4 Be7 {Der Läufer geht nach f6, von wo er gleichzeitig den König
verteidigt und den Bauern d4 angreift.} (17... Bb6 18. Qc2 Qf6 19. Bd3 g6 20.
Re3 $36) 18. Qc2 Bf6 19. Bd3 g6 {Weiß steht etwas angenehmer, aber etwas
Konkretes hat er auch nicht. Sein strategischer Vorteil basiert auf dem
schlechten Läufer c8, aber dadurch, dass der Turm a8 im Spiel ist, weil die
a-Linie geöffnet ist, hat Schwarz keine großen Probleme.} 20. f4 $5 {Ein sehr
aggressiver Versuch.} (20. a3 $5 Be6 21. Qd2 Re8 22. Qf4 Bg5 23. Qg3 Bh4 $11)
20... Bd7 21. f5 {Es ist fraglich, ob Weiß wirklich Angriff hat. Seinen
eigenen König hat er auch geschwächt.} Na7 22. fxg6 (22. Nxa7 Rxa7 23. Re3 Re8
24. Rf3 g5 $1 $11 {und Schwarz ist sicher.}) 22... hxg6 23. Nd6 (23. Nxa7 Rxa7
24. Bxg6 fxg6 25. Qxg6+ Bg7 $17 {Weiß hat keine logische Fortsetzung seines
Angriffs.}) 23... Ba4 {Eine ruhige Fortsetzung, die zum Ausgleich führt. Ein
ganz anderes Spiel sieht man nach 23...Qc7:} (23... Qc7 $5 24. Nxb7 (24. Bxg6
Qxd6 $19) 24... Nb5 25. Bxb5 (25. Ba1 Qxc2 26. Bxc2 Rxa2 27. Bb3 Rxa1 28. Rxa1
Bxd4+ 29. Kf1 Bxa1 30. Rxa1 Bc6 $17) 25... Bxd4+ 26. Bxd4 Qxc2 27. Bxd7 Rxa2
28. Bh3 Qd3 $132) 24. Qxa4 Qxd6 25. Bb4 {Dies führt ebenfalls zum Ausgleich,
so wie auch das Nehmen auf b7:} (25. Rxb7 Nc6 26. Qc2 Nxd4 $11) 25... Bxd4+ 26.
Kh1 Bc5 27. Bxc5 Qxc5 28. Qg4 (28. Rxb7 Nc6 29. Qh4 Qd4 (29... Rxa2 30. Bxg6
$18) 30. Qxd4 Nxd4 31. Rd7 Rxa2 32. Rxd5 $11) 28... Qc3 29. Bxg6 {Beide Seiten
können nichts machen.} fxg6 (29... Qg7 30. Bf5 Qxg4 31. Bxg4 $14) 30. Qxg6+ Qg7
(30... Kh8 $2 31. Qh6+ Kg8 32. Re7 $18) 31. Qe6+ Qf7 (31... Rf7 $2 32. Rxb7 $16
) 32. Qg4+ Qg7 33. Qe6+ Qf7 34. Qg4+ Qg7 1/2-1/2

[Event "EU-Cup 22nd"]
[Site "Fuegen"]
[Date "2006.10.12"]
[Round "5.6"]
[White "Petrosian, Tigran L"]
[Black "Smirnov, Pavel"]
[Result "1-0"]
[WhiteElo "2573"]
[BlackElo "2623"]
[Annotator "Kritz,L"]
[PlyCount "85"]
[EventDate "2006.10.08"]
[EventType "team-swiss"]
[EventRounds "7"]
[EventCountry "AUT"]
[SourceTitle "CBM 115"]
[Source "ChessBase"]
[SourceDate "2006.11.15"]
[SourceVersion "1"]
[SourceVersionDate "2006.11.15"]
[SourceQuality "1"]
[WhiteTeam "Yerevan"]
[BlackTeam "Tomsk 400"]
[WhiteTeamCountry "ARM"]
[BlackTeamCountry "RUS"]

1. e4 c5 2. Nf3 Nc6 3. Nc3 {Das ist eine der sogenannten Anti-Sveshnikov
Varianten. Die andere, 3.Bb5, ist ebenfalls sehr populär und empfehlenswert.}
e5 {Das Problem für die Sveshnikov-Spieler ist, dass man nach 3....Nf6 mit
vielen anderen Varianten rechnen muss, z.B.} (3... Nf6 4. e5 (4. Bb5 Nd4 5. e5
Nxb5 6. Nxb5 Nd5 7. Ng5 $1 $36 {ist auch eine sehr interessante Fortsetzung,
die Weiß den Vorteil verspricht}) 4... Ng4 5. Qe2 Qc7 6. d4 cxd4 7. Nb5 Qb8 8.
Bf4 f6 9. Nd6+ $1 exd6 10. exd6+ $44) ({Nach} 3... e6 {muss man auch mit
anderen Varianten rechnen, die unangenehmste ist wohl} 4. d4 cxd4 5. Nxd4 Nf6
6. Nxc6 bxc6 7. e5 Nd5 8. Ne4 $14 {wonach Weiß laut der aktuellen Theorie
einen Vorteil erreichen kann.}) 4. Bc4 Be7 5. d3 d6 6. Nd2 (6. O-O {ist eine
Alternative, die schon sehr oft gespielt wurde} Nf6 7. Ng5 O-O 8. f4 exf4 9.
Bxf4 Bg4 $13 {Schwarz hat auf jedem Fall ein zufriedenstellendes Spiel.}) 6...
Bg5 (6... Nf6 {ist die Hauptvariante} 7. Nf1 Bg4 8. f3 Be6 9. Ne3 O-O 10. O-O
Rb8 11. a3 $14 {Weiß hat wie immer in dieser Variante einen kleinen Vorteil,
aber schwarze Stellung ist äusserst stabil und feuerfest.}) 7. h4 (7. Nf1 {
verspricht logischeweise nicht viel, da die schlechteste schwarze Figur - der
schwarzfeldriger Läufer vom Brett verschwindet} Bxc1 8. Rxc1 Nge7 9. Ne3 O-O
10. O-O Be6 $11) 7... Bh6 ({die Variante} 7... Bxd2+ {scheint mir für Schwarz
akzeptabler zu sein} 8. Bxd2 Nf6 (8... Nge7 9. h5 h6 10. Qf3 $14 {und Schwarz
hat kein Bg4}) 9. O-O (9. h5 Bg4 $17) 9... Be6 10. Nd5 (10. f4 Bxc4 11. dxc4 h5
12. f5 Ng4 13. f6 gxf6 14. Nd5 Ne7 15. Nxf6+ Nxf6 16. Rxf6 Ng8 17. Rf5 Qxh4 18.
Be3 $11 {Kasparov-Leko (Linares, 2005)} {nach} Qxe4 {würde} 19. Qxd6 $3 {folgen
} Qxf5 20. Bxc5 $18) 10... O-O 11. Bg5 (11. f4 exf4 12. Bxf4 Ng4 13. Bg5 Qd7
14. Qd2 f6 15. Bf4 Nge5 $11 {Morosevich-Leko (Monaco, 2004)}) 11... Bxd5 12.
Bxd5 h6 13. Bxf6 Qxf6 14. Qg4 Ne7 15. Bb3 (15. Bxb7 Rab8 16. Ba6 Rxb2 $15)
15... Rad8 $11 {Svidler-Shirov (Monaco, 2005)}) 8. Qh5 (8. g4 $6 {ist sehr
provokant.} Bf4 9. Nd5 Nge7 10. Nxf4 exf4 11. Bb5 O-O 12. Bxc6 Nxc6 $15 {
Kupreichik-Kramnik (Moskau, 1994)}) 8... Qd7 (8... g6 9. Qd1 Nf6 10. h5 $1 {
gibt Weiß doch eine Möglichkeit, gefährliche Initiative zu entwickeln}) 9. Nd5
Rb8 10. c3 Qd8 $2 {Ich kann mir nicht vorstellen, dass Schwarz sich sowas
erlauben darf. Seine Stellung ist sowieso etwas schlechter und verlangt
genaues Spiel, da darf man natürlich nicht, dem Gegner noch zwei Tempen
schenken.} (10... b5 11. Bb3 Nce7 (11... Nge7 12. Qxh6 gxh6 13. Nf6+ Kf8 (13...
Kd8 14. Nxd7 Bxd7 15. Bxf7 $18) 14. Nc4 $3 Kg7 15. Nxd7 Bxd7 16. Nxd6 $18) 12.
Ne3 c4 $1 13. dxc4 Bxe3 14. fxe3 Nf6 15. Qf3 O-O 16. O-O Ba6 17. cxb5 Qxb5 18.
Bc4 Qc6 19. Bxa6 Qxa6 20. c4 h5 $1 $44 {und Schwarz bekam gute Kompensation in
Leko - Kramnik (Monaco, 2004)}) 11. Ne3 Qf6 12. Ndf1 $1 $14 {Weiß hat die
Initiative endgültig ergriffen. Schwarz steht trotzdem noch nicht viel
schlechter, aber man kann schon spüren, dass die Stellung ziemlich
foulverdächtig ist.} Nge7 13. Ng4 Bxg4 14. Qxg4 Bxc1 15. Rxc1 b5 16. Bb3 c4 17.
Bc2 cxd3 18. Bxd3 b4 19. cxb4 Nxb4 20. Bb1 Nxa2 21. Bxa2 Rxb2 22. Rc8+ Nxc8 23.
Qxc8+ Qd8 24. Qc6+ Ke7 25. Qd5 Qc8 26. Bc4 Rb1+ 27. Ke2 Qe6 28. Ne3 Rb2+ 29.
Kf3 Rc8 30. Ra1 Qxd5 31. Nxd5+ Kd8 32. Bd3 Rb7 33. h5 Rc5 34. Ra6 Kd7 35. g3 f5
36. Ke3 g5 37. h6 f4+ 38. Kf3 Rb3 39. Rxa7+ Kd8 40. Kg4 Rxd3 41. Rxh7 fxg3 42.
fxg3 Rc4 43. Rh8+ 1-0

[Event "Elista FIDE GP"]
[Site "Elista"]
[Date "2008.12.16"]
[Round "3"]
[White "Gashimov, Vugar"]
[Black "Wang, Yue"]
[Result "1/2-1/2"]
[WhiteElo "2703"]
[BlackElo "2736"]
[Annotator "Kritz,L"]
[PlyCount "85"]
[EventDate "2008.12.14"]
[EventType "tourn"]
[EventRounds "13"]
[EventCountry "RUS"]
[EventCategory "19"]
[SourceTitle "CBM 128"]
[Source "ChessBase"]
[SourceDate "2009.01.28"]
[SourceVersion "1"]
[SourceVersionDate "2009.01.28"]
[SourceQuality "1"]

1. e4 c5 2. Nf3 Nc6 3. Nc3 Nf6 4. Bb5 Qc7 ({Eine interessante Variante ist} 
4... Nd4 5. e5 Nxb5 6. Nxb5 Nd5 {und in dieser Stellung hat Weiß einen
"coolen" und gleichzeitig starken Zug:} 7. Ng5 $1 $14 {Viele Partien sind
damit gespielt worden, aber es gibt nicht viele Spieler heutzutage, die gegen
den Ansturm der weißen Kavallerie spielen möchten.}) (4... g6 5. e5 Ng4 6. Bxc6
dxc6 7. h3 Nh6 8. g4 Bg7 9. d3 $14 {Weiß steht besser, weil er den schwarzen
Springer am Rande des Brettes abgeschnitten hat.}) 5. Bxc6 {Mit diesem Zug
kann Weiß keinen Eröffnungsvorteil bekommen, doch dieser Stellungstyp ist gut
spielbar. Das Beste aus weißer Sicht ist dabei die Abwesenheit großer
Konterchancen von der Seite von Schwarz.} dxc6 (5... bxc6 6. e5 Ng4 7. d4 (7.
Qe2 f6 8. exf6 Nxf6 9. Ne4 e5 10. Nxf6+ gxf6 11. Nh4 d5 $11 {Macieja - Shirov 
(Reykjavic, 2003)}) 7... cxd4 8. Qxd4 d6 9. Bf4 $14) (5... Qxc6 6. Qe2 d6 7. d4
cxd4 8. Nxd4 $14) 6. h3 (6. d3 {Wenn man Schwarz auch noch den Läufer tauschen
lässt, dann ist die Stellung sehr remislich.} Bg4 7. h3 Bxf3 8. Qxf3 g6 9. Be3
Nd7 10. Qe2 e5 11. Qd2 Bg7 12. Bh6 O-O 13. h4 Bxh6 14. Qxh6 f6 15. O-O-O Rf7
$11 {Guseinov - Halkias (Calvia, 2004)}) 6... e5 7. d3 h6 $1 {Das ist ein
wichtiger Moment. Im Vergleich zu der Variante 1.e4 c5 2.Nf3 Nc6 3.Bb5 g6 4.
Bxc6 dxc6 5.d3 g6 6.h3 kann Schwarz es sich erlauben, die Schwächung g6 zu
sparen und den Läufer nach d6 zu entwickeln. Damit verliert der Durchbruch f4
sehr viel an Kraft und auch die Punkte b4-c5 sind unter verstärkter Kontrolle
von Schwarz.} 8. b3 Be6 9. Bb2 {Es gibt kaum einen besseren Plan als das
Fianchetto.} Rd8 10. Nd2 Bd6 11. Qe2 a5 12. a4 Nd7 13. Qe3 (13. Nc4 Bxc4 14.
bxc4 Nf8 $11 {Schwarz steht völlig in Ordnung.}) 13... Nf8 {Der Springer
bereitet sich vor, nachdem der Läufer das Feld e6 verlässt, so schnell wie
möglich nach d4 zu springen.} 14. Ne2 f6 $1 {Ein interessanter Plan. Da Weiß
nicht Nc4 spielen will, geht der Läufer zurück und macht damit das Feld e6 für
den Springer frei.} 15. Qg3 (15. O-O Bf7 16. Ng3 Ne6 17. Nc4 (17. Nf5 Nd4 $5
18. Nxg7+ Kf8 19. Nf5 Nxc2 20. Qg3 Rg8 21. Qh4 Nxa1 22. Qxh6+ Ke8 23. Bxa1 Be7
$132) 17... Nd4 18. Nxd6+ Qxd6 $11) 15... Bg8 16. O-O Ne6 17. Nc4 g5 $1 {
Schwarz zementiert das ganze Brett. Die weißen Figuren haben keine
Möglichkeiten, in das gegnerische Lager einzudringen.} 18. Qf3 Be7 19. Ng3 Nd4
20. Qd1 ({Zweischneidig ist das Nehmen auf d4.} 20. Bxd4 cxd4 21. Nf5 Bb4 22.
Qe2 Be6 23. Ng3 b5 $1 $15) 20... Bf7 21. Ne3 h5 {Schwarz hat eigentlich nichts
Aktives vor, er will nur die Abtäusche der Figuren forcieren.} 22. Rb1 h4 {
Geht in die Richtung einer Friedensschließung.} (22... Kd7 $5 23. Ngf5 Kc8 $132
{Nachdem sich der König am Damenflügel versteckt hat, kann Schwarz auch an
einen Angriffsversuch denken.}) 23. Ngf5 Nxf5 24. Nxf5 Bf8 (24... Be6 $5 {
würde zum selben Ergebnis führen} 25. Ng7+ Kf7 26. Nxe6 Kxe6 $11 {Der König
geht im nächsten Zug wieder zurück, einen Durchbruch gibt es am ganzen Brett
nicht, die beiden Läufer sind gleich schlecht.}) 25. Ne3 Be6 26. Qf3 Kf7 $11 {
Weiß kann nichts machen. Der weißfeldrige Läufer des Schwarzen ist bereit,
sich sofort gegen den Springer abzutauschen, wenn sich die Gelegenheit
anbietet, und die beiden schwarzfeldrigen Läufer neutralisieren sich völlig -
beide haben keine Perspektive.} 27. Rfd1 Be7 28. Ba1 Kg6 29. c3 $6 {Solche
Experimente können bei Gelegenheit ein schlechtes Ende nehmen - der Bauer d3
ist schon schwach, ein Spiel hat Weiß noch nicht.} Rd7 30. Kf1 Rhd8 31. Ke2 Rh8
{Dank des "toten" Läufers e7 kann Schwarz auch keine Aktivität zeigen.} 32. Nf5
Bxf5 33. Qxf5+ (33. exf5+ Kg7 34. c4 Qd6 35. Bc3 b6 $11 {Es gibt keine
Durchbruchmöglichkeit.}) 33... Kf7 34. d4 Rdd8 35. dxc5 $2 ({Eindeutig die
beste Chance ist} 35. dxe5 Qxe5 36. Qxe5 fxe5 37. c4 Ke6 38. Bc3 b6 (38... Rxd1
39. Rxd1 b6 40. Rd3 $14) 39. Rd2 Rxd2+ 40. Bxd2 $14 {Vermutlich ist das
Endspiel Remis, doch Weiß kann Schwarz noch lange quälen.}) 35... Bxc5 36. Rxd8
Qxd8 37. Rd1 Qb6 38. Rb1 ({Ebenfalls friedlich endet die Partie nach} 38. Rd7+
Be7 39. c4 $1 Qxb3 40. Bxe5 Qxc4+ 41. Kf3 Qe6 42. Bd6 Re8 43. Qh7+ Kf8 44. Qh8+
Kf7 45. Qh7+ $11) 38... Rd8 39. Qh7+ Ke6 40. Qf5+ Ke7 41. Qh7+ Ke6 42. Qf5+ Ke7
43. Qh7+ 1/2-1/2

[Event "Tashkent FIDE GP 2nd"]
[Site "Tashkent"]
[Date "2012.11.23"]
[Round "2"]
[White "Svidler, Peter"]
[Black "Gelfand, Boris"]
[Result "1/2-1/2"]
[WhiteElo "2747"]
[BlackElo "2751"]
[Annotator "Kritz,L"]
[PlyCount "89"]
[EventDate "2012.11.22"]
[EventType "tourn"]
[EventRounds "11"]
[EventCountry "UZB"]
[EventCategory "20"]
[SourceTitle "CBM 152"]
[Source "ChessBase"]
[SourceDate "2013.01.15"]
[SourceVersion "1"]
[SourceVersionDate "2013.01.15"]
[SourceQuality "1"]
[WhiteClock "1:32:34"]
[BlackClock "0:49:36"]

1. e4 c5 2. Nf3 Nc6 3. Bb5 e6 4. O-O {Lange Zeit galt das Nehmen auf c6 als
Hauptvariante, aber Boris Gelfand hat gegen Anand gezeigt, dass Schwarz sich
halten kann, und jetzt spielt man wieder öfters 4.0-0.} Nge7 5. c3 {Ein gute
Alternative ist 5.Re1 und dann 6.Bxc6:} (5. Re1 a6 6. Bxc6 $5 {Diese Variante
sieht zumindest interessant aus.} Nxc6 7. d4 cxd4 8. Nxd4 d6 (8... Qc7 9. Nc3
d6 10. Nxc6 bxc6 11. Qg4 e5 12. Qg3 h5 13. h4 Be6 14. b3 $14 {1-0 Bacrot,E 
(2723)-Maze,S (2571)/Nice 2011/CBM 141 Extra (50)}) (8... Be7 9. Nc3 O-O 10.
Nxc6 dxc6 11. e5 $14 {Wieder steht Weiß besser, weil Schwarz den schlechten
Läufer auf c8 hat, der nicht bald aktiv wird.}) 9. Nc3 Be7 10. Nxc6 bxc6 11.
Qg4 Kf8 (11... O-O 12. Bh6 Bf6 13. e5 dxe5 14. Rad1 Qe7 15. Ne4 Kh8 16. Be3 $18
) 12. b3 Qa5 13. Bb2 $14 {Safarli,E (2620)-Korobov,A (2705)/Baku 2012/
CB39_2012 (34)}) 5... a6 6. Ba4 ({Hier bringt das Nehmen auf c6 nichts:} 6.
Bxc6 Nxc6 7. d4 d5 8. exd5 Qxd5 9. Be3 c4 $11) 6... b5 7. Bc2 Bb7 8. Re1 (8.
Qe2 d5 9. e5 d4 10. Be4 Nd5 (10... Qb6 11. d3 Rd8 12. a4 Nd5 13. axb5 axb5 14.
cxd4 cxd4 15. Nbd2 Nf4 16. Qd1 Nb4 17. Nb3 $14 {1-0 Carlsen,M (2772)-Radjabov,
T (2757)/Nanjing 2009/CBM 133 (25)}) 11. cxd4 Nxd4 12. Nxd4 cxd4 13. a4 Qb6 14.
d3 g6 15. Bg5 Bg7 16. Nd2 O-O $132 {0-1 Bologan,V (2695)-Eljanov,P (2681)/
Eilat 2012/CB41_2012 (40)}) 8... c4 $5 {Das ist ein sehr selten gespielter Zug.
} (8... Rc8 9. a4 Qb6 10. Na3 Ng6 11. axb5 axb5 12. d4 cxd4 13. cxd4 Bb4 14.
Re2 O-O $132 {1-0 Morozevich,A (2716)-Smirin,I (2676)/Moscow 2002/CBM 091 (35)}
) (8... d5 9. a4 b4 10. d3 Ng6 11. exd5 Qxd5 12. d4 cxd4 13. cxd4 Be7 14. Be3
O-O $132 {1/2-1/2 Smirin,I (2647)-Smirnov,P (2579)/Moscow 2009/CBM 129 (36)})
9. a4 {Neue Idee. Bis jetzt wurde nur b3 ausprobiert.} (9. b3 Ng6 10. bxc4 bxc4
11. Qe2 (11. Ba3 Be7 12. Bxe7 Qxe7 13. e5 {1-0 Keitlinghaus,L (2525)-Bologan,V
(2585)/Germany 1997/GER-chT (52)} Qc5 $1 14. Bxg6 hxg6 15. d4 cxd3 16. Qxd3 Rh5
$15) (11. Na3 Nce5 12. Nxe5 Nxe5 13. Qe2 (13. f4 Nd3 14. Bxd3 cxd3 15. Qf3 f5
$17) 13... Qc7 14. Rb1 Bc5 15. Kh1 Bc6 $15 {0-1 Szczepkowska,K (2285)-Heberla,
B (2510)/Polanica Zdroj 2008/CBM 126 Extra (39)}) 11... Nce5 $5 (11... Na5 12.
Ba3 Be7 13. Bb4 d5 14. exd5 Bxd5 15. Na3 $14 {1/2-1/2 Prusikin,M (2519)
-Huebner,R (2625)/Switzerland 2002/EXT 2003 (86)}) 12. Nxe5 Nxe5 13. f4 Nd3 14.
Bxd3 Bc5+ 15. Kh1 cxd3 16. Qxd3 Qh4 $44) (9. d4 cxd3 10. Bxd3 Ng6 $11) 9... Ng6
10. b4 $5 {Eine interessante Idee. Weiß fixiert den Bauern auf b5 und will ihn
später zum Angriffsziel seiner Figuren machen.} Nce5 (10... cxb3 11. Bxb3 b4 $5
{Schwarz versucht das Problem der schwachen Bauern am Damenflügel direkt zu
lösen.} 12. d4 bxc3 13. Nxc3 Be7 14. d5 Na5 15. Ba2 $14) (10... Be7 $6 {
zu langsam} 11. axb5 axb5 12. Rxa8 Qxa8 13. Na3 Qa6 14. d3 cxd3 15. Bxd3 Na7
16. Qe2 Bc6 17. Nd4 $16 {Das ist die ideale Stellung, die Weiß gern aufs Brett
bekommen würde.}) 11. axb5 axb5 12. Rxa8 Bxa8 {Schwarz hat kein leichtes Leben.
} (12... Qxa8 13. Na3 Qa6 (13... Nxf3+ 14. Qxf3 Bc6 15. d4 cxd3 16. Qxd3 Qa6
17. Qe2 Be7 18. Bd3 $16) 14. Nd4 $16) 13. Na3 {Der Bauer b5 ist wirklich sehr
schwach.} Bc6 (13... Nxf3+ 14. Qxf3 Bc6 15. d4 cxd3 16. Qxd3 Qb6 17. Qe2 $14)
14. Nd4 Nf4 (14... Qb6 $5 {Dieser Zug sieht etwas besser aus.} 15. d3 cxd3 16.
Bxd3 {Und nun hat Schwarz einen taktischen Trick:} Bxb4 $1 17. Nxc6 Nxd3 18.
Qxd3 Bxa3 19. Bxa3 Qxc6 20. Rb1 f6 $1 $11) 15. Nxc6 dxc6 16. d4 $1 {Weiß
bekommt spürbaren Vorteil.} cxd3 17. Bxf4 Ng6 (17... dxc2 $4 18. Qxd8+ Kxd8 19.
Bxe5 $18) 18. Bg3 dxc2 19. Qxd8+ Kxd8 20. Nxc2 e5 $1 {Der einzige Zug - man
muss die Wirkung des Läufers neutralisieren.} 21. Ra1 {Der Turm dringt in die
schwarze Stellung ein. Schwarz verliert nur deshalb nicht sofort, weil sein
Turm h8 verteidigt ist und Weiß den Läufer f8 nicht fesseln kann.} Kc8 (21...
Kd7 22. Ra7+ Ke6 23. Rc7 Be7 24. Rxc6+ Kd7 25. Ra6 Rc8 26. Ra3 $16) 22. Ra7 f6
23. Ne3 {Also wenn diese Stellung wirklich haltbar ist... Ich denke eher, dass
Weiß seine Chancen nicht verwertet hat.} Kb8 24. Ra1 $2 {Das ist der Fehler,
der den Vorteil vergibt. Wenn der Turm wieder zurück muss, dann hat Schwarz
wenig Sorgen.} (24. Rf7 $1 Rg8 (24... Ne7 25. f4 $1 $16) (24... Be7 25. Rxg7
Kc8 26. h4 $18) 25. Nf5 Nh8 26. Rd7 Kc8 27. Re7 $3 Ng6 28. Re8+ Kd7 29. Ra8 $16
) 24... Rg8 25. Nf5 Ne7 {Nun ist es nicht mehr so schwer, die Stellung zu
verteidigen, obwohl Schwarz immer noch aufpassen muss.} 26. Nd4 Kb7 27. Ne6 Nc8
28. Rd1 Bd6 29. f3 {Sehr langsam. Weiß will nichts riskieren. Interessant war
29.f4!?} (29. f4 $5 exf4 {Schwarz muss nehmen.} 30. Bxf4 Bxf4 31. Rd7+ Kb6 32.
Nxf4 {Im entstandenen Endspiel hat Weiß die besseren Chancen.} Re8 33. Nh5 Rxe4
34. Rxg7 f5 (34... Re3 35. Nxf6 $16) 35. Rxh7 Re3 36. Nf6 Rxc3 37. h4 $14)
29... g6 30. Bh4 Re8 31. Nc5+ {Weiß bleibt nicht viel übrig.} (31. Ng7 Rd8 $1 (
31... Re7 32. Bxf6 Rf7 33. Ne8 $18) (31... Rf8 32. Kf1 $14) 32. Bxf6 Bc5+ 33.
bxc5 Rxd1+ 34. Kf2 $13 {Weiß gewinnt den Bauern e5, das Endspiel ist daher
sehr unklar.}) 31... Bxc5+ 32. bxc5 g5 33. Rd7+ Kb8 34. Be1 Re7 {Es ist
offensichtlich, dass Weiß seinen Vorteil verspielt hat. Er steht nicht mehr
besser und muss sogar noch aufpassen, nicht dass Schwarz die Türme tauscht.}
35. Rd8 Rf7 {Immer noch ist Vorsicht gefragt.} (35... Kc7 $4 36. Rf8 Re6 37.
Rf7+ $18) 36. h4 Kc7 37. Rh8 gxh4 38. Bxh4 Ne7 {Der Springer geht nach g6, von
wo er alles unter Kontrolle hat.} 39. Ra8 Kb7 40. Rd8 Ng6 41. Be1 Kc7 42. Ra8
Kb7 {Logische Entscheidung.} 43. Rd8 Kc7 44. Ra8 Kb7 45. Rd8 1/2-1/2